| 000 | 00818nam a22002297a 4500 | ||
|---|---|---|---|
| 999 |
_c16046 _d16046 |
||
| 003 | AR-CdUCM | ||
| 008 | 190430b ||||| |||| 00| 0 spa d | ||
| 040 |
_aMUNICIPALIDAD PROVINCIAL DEL CUSCO _cBIBLIOTECA MUNICIPAL DEL CUSCO |
||
| 082 |
_22ed. _a350.88 / _bS25 |
||
| 100 |
_aSauvy, Alfred _935324 |
||
| 245 | _aLa burocracia / | ||
| 260 |
_aBuenos Aires : _bUniversitaria de Bueno Aires, _c1965. |
||
| 300 |
_a127 páginas ; _c20 cm. |
||
| 440 |
_aCuadernos de EUDEBA _n133 _935325 |
||
| 505 | _aContenido : Ámbito y terminología -- Historia -- Empleados de las oficinas -- Renumeración y cargas financiaras ... | ||
| 650 |
_aBurocracia _91866 |
||
| 650 |
_aTrabajadores _98056 |
||
| 650 |
_aPúblicos _927754 |
||
| 700 |
_aLafitte de Juncal, Martha _935326 |
||
| 942 |
_2ddc _cLIBROS |
||
| 945 |
_arah _d30/04/2019 |
||